Library Banner

Aenda dar qalmro Islam(آیندہ در قلمرہ اسلام) (Record no. 101460)

MARC details
000 -LEADER
fixed length control field 00441nam a22001457a 4500
005 - DATE AND TIME OF LATEST TRANSACTION
control field 20180108135229.0
008 - FIXED-LENGTH DATA ELEMENTS--GENERAL INFORMATION
fixed length control field 180108b xxu||||| |||| 00| 0 eng d
040 ## - CATALOGING SOURCE
Transcribing agency PK-LaUMT
082 ## - DEWEY DECIMAL CLASSIFICATION NUMBER
Classification number PKAC 297
Item number QUT-A
100 ## - MAIN ENTRY--PERSONAL NAME
Personal name Qutab , Sayid
245 ## - TITLE STATEMENT
Title Aenda dar qalmro Islam(آیندہ در قلمرہ اسلام)
Statement of responsibility, etc Sayid Qutab
260 ## - PUBLICATION, DISTRIBUTION, ETC. (IMPRINT)
Place of publication, distribution, etc بیروت:
Name of publisher, distributor, etc الاتحاد الاسلامی العالمی،
Date of publication, distribution, etc 1980
300 ## - PHYSICAL DESCRIPTION
Extent ] [
942 ## - ADDED ENTRY ELEMENTS (KOHA)
Koha item type Books
Holdings
Withdrawn status Lost status Damaged status Home library Current library Date acquired Full call number Barcode Date last seen Price effective from Koha item type
      UMT Main Campus UMT Main Campus 2018-01-08 PKAC 297 QUT-A 117311 2018-01-08 2018-01-08 Books